| 000 | 00482nam a2200169 a 4500 | ||
|---|---|---|---|
| 001 | 000043979 | ||
| 005 | 20201002045057.0 | ||
| 008 | 140512s1970 enk 000 p spa d | ||
| 040 |
_aDO-SdBNP _bspa _cBNPHU |
||
| 082 |
_axxxx _bxxxx |
||
| 100 | 1 |
_aHalet, Pierre _971933 |
|
| 245 | 1 | 3 |
_aLa double migration de Job Cardoso / _cPierre Halet. |
| 260 |
_aParis : _bÉditions du Seuil, _c1970. |
||
| 300 |
_a126 p. ; _c18 cm. |
||
| 490 | 1 |
_aThéâtre _v28 |
|
| 830 | 0 |
_aThéâtre ; _n28 _971934 |
|
| 999 |
_c43468 _d43468 |
||